[Event "BL2-Sued 1112"]
[Site "Germany"]
[Date "2012.04.15"]
[Round "9.6"]
[White "Schuh, Karsten"]
[Black "Reefschlaeger, Helmut"]
[Result "1/2-1/2"]
[WhiteElo "2238"]
[BlackElo "2248"]
[PlyCount "22"]
[EventDate "2011.10.02"]
[EventType "team-tourn"]
[EventRounds "9"]
[EventCountry "GER"]
[SourceTitle "EXT 2015"]
[Source "ChessBase"]
[SourceDate "2014.11.20"]
[SourceVersion "1"]
[SourceVersionDate "2014.11.20"]
[SourceQuality "1"]
[WhiteTeam "Boeblingen"]
[BlackTeam "Baden-Baden II"]
[WhiteTeamCountry "GER"]
[BlackTeamCountry "GER"]

1. c4 c6 2. Nf3 d5 3. d4 Nf6 4. e3 g6 5. Nc3 Bg7 6. Bd3 0-0 7. 0-0 Bg4 8. h3 Bxf3 9. Qxf3 e6 10. b3 Nbd7 11. Bb2 Re8 1/2-1/2

[Event "Deizisau op 6th"]
[Site "Deizisau"]
[Date "2011.10.31"]
[Round "6"]
[White "Zeller, Frank"]
[Black "Reefschlaeger, Helmut"]
[Result "1-0"]
[WhiteElo "2402"]
[BlackElo "2248"]
[PlyCount "81"]
[EventDate "2011.10.29"]
[EventType "swiss"]
[EventRounds "7"]
[EventCountry "GER"]
[SourceTitle "EXT 2012"]
[Source "ChessBase"]
[SourceDate "2011.11.24"]
[SourceVersion "1"]
[SourceVersionDate "2011.11.24"]
[SourceQuality "1"]

1. e4 e6 2. d4 d5 3. Nc3 Nf6 4. Bg5 Bb4 5. e5 h6 6. Bh4 g5 7. Bg3 Ne4 8. Nge2 c5 9. a3 Bxc3+ 10. Nxc3 Nxc3 11. bxc3 Qa5 12. Qd2 Nc6 13. dxc5 Qxc5 14. Bd3 Bd7 15. 0-0 0-0-0 16. Kh1 f5 17. exf6 e5 18. Bg6 Qd6 19. Bh5 Rhf8 20. Rad1 Be6 21. Rfe1 Rxf6 22. Qe2 Qxa3 23. Bxe5 Nxe5 24. Qxe5 Qf8 25. f3 Bf5 26. Rxd5 Rxd5 27. Qxd5 Bg6 28. Bg4+ Kb8 29. Be6 Qe7 30. Re5 Qc7 31. Qd4 Rf4 32. Qe3 Ra4 33. g3 b6 34. Bd5 Ra1+ 35. Kg2 Qc5 36. Qxc5 bxc5 37. Bb3 Rc1 38. Rxc5 Bxc2 39. Bc4 Bd1 40. Ba6 Bc2 41. Bc4 1-0

[Event "BL2-Sued 1011"]
[Site "Germany"]
[Date "2011.04.11"]
[Round "9.7"]
[White "Schenderowitsch, Michael"]
[Black "Reefschlaeger, Helmut"]
[Result "0-1"]
[WhiteElo "2270"]
[BlackElo "2302"]
[PlyCount "112"]
[EventDate "2010.10.10"]
[EventType "team-tourn"]
[EventRounds "9"]
[EventCountry "GER"]
[SourceTitle "EXT 2012"]
[Source "ChessBase"]
[SourceDate "2011.11.24"]
[SourceVersion "1"]
[SourceVersionDate "2011.11.24"]
[SourceQuality "1"]
[WhiteTeam "Schott Mainz"]
[BlackTeam "Baden-Baden 1922 II"]
[WhiteTeamCountry "GER"]
[BlackTeamCountry "GER"]

1. d4 d5 2. c4 e6 3. Nc3 c6 4. e4 Bb4 5. e5 Ne7 6. a3 Bxc3+ 7. bxc3 c5 8. Nf3 Nbc6 9. Bd3 cxd4 10. cxd4 dxc4 11. Bxc4 b6 12. Bd3 Bb7 13. 0-0 Qd7 14. Bb2 h6 15. Qe2 Ng6 16. Qd2 0-0 17. Rad1 Rac8 18. Bb1 Rfd8 19. Qd3 Qd5 20. h4 Nce7 21. h5 Nf4 22. Qh7+ Kf8 23. Qh8+ Ng8 24. Bh7 Nxh5 25. Rd3 Ke7 26. Re3 Ngf6 27. exf6+ gxf6 28. Be4 Rxh8 29. Bxd5 Bxd5 30. Kh2 Rhg8 31. g3 Rc2 32. Bc3 Rxg3 33. Bb4+ Ke8 34. Ne1 Rxf2+ 35. Rxf2 Rxe3 36. Nc2 Re4 37. Kh3 Bb3 38. Ne1 Rxd4 39. Bc3 Rd1 40. Kg4 Rc1 41. Bd2 Bd1+ 42. Nf3 Rc2 43. Kxh5 Bxf3+ 44. Kxh6 Be4 45. Kg7 Bg6 46. Kxf6 Ra2 47. Ke5 Kd7 48. Kd4 Rxa3 49. Bb4 Ra4 50. Kc3 a5 51. Rd2+ Kc6 52. Be7 b5 53. Kb2 Rc4 54. Ka3 Be4 55. Bf6 Bd5 56. Rf2 Ra4+ 0-1

[Event "BL2-Sued 1011"]
[Site "Germany"]
[Date "2011.02.27"]
[Round "7.7"]
[White "Vidonyak, Roman"]
[Black "Reefschlaeger, Helmut"]
[Result "1/2-1/2"]
[WhiteElo "2432"]
[BlackElo "2302"]
[PlyCount "39"]
[EventDate "2010.10.10"]
[EventType "team-tourn"]
[EventRounds "9"]
[EventCountry "GER"]
[SourceTitle "EXT 2012"]
[Source "ChessBase"]
[SourceDate "2011.11.24"]
[SourceVersion "1"]
[SourceVersionDate "2011.11.24"]
[SourceQuality "1"]
[WhiteTeam "Hockenheim"]
[BlackTeam "Baden-Baden 1922 II"]
[WhiteTeamCountry "GER"]
[BlackTeamCountry "GER"]

1. b3 d5 2. Bb2 Nf6 3. Nf3 c6 4. e3 Bg4 5. h3 Bxf3 6. gxf3 Nbd7 7. f4 Qc7 8. c4 e6 9. Nc3 0-0-0 10. Rg1 Kb8 11. Rc1 d4 12. Ne2 dxe3 13. fxe3 e5 14. Qc2 exf4 15. Nxf4 Bd6 16. Nd3 g6 17. b4 Rhe8 18. b5 Ne4 19. bxc6 Qxc6 20. Bd4 1/2-1/2

[Event "Bayern-chI Bank Hofmann 14th"]
[Site "Bad Wiessee"]
[Date "2010.11.04"]
[Round "6"]
[White "Reefschlaeger, Helmut"]
[Black "Astengo, Corrado"]
[Result "1/2-1/2"]
[WhiteElo "2302"]
[BlackElo "2150"]
[PlyCount "35"]
[EventDate "2010.10.30"]
[EventType "swiss"]
[EventRounds "9"]
[EventCountry "GER"]
[SourceTitle "EXT 2011"]
[Source "ChessBase"]
[SourceDate "2010.11.26"]
[SourceVersion "1"]
[SourceVersionDate "2010.11.26"]
[SourceQuality "1"]

1. d4 d5 2. c4 e6 3. Nf3 Nf6 4. g3 Be7 5. Bg2 0-0 6. 0-0 dxc4 7. Ne5 c5 8. dxc5 Bxc5 9. Nxc4 Qe7 10. Nc3 Nc6 11. Bg5 Rd8 12. Qc1 h6 13. Bxf6 Qxf6 14. Ne4 Qe7 15. Nxc5 Qxc5 16. e3 e5 17. Qc3 Be6 18. Rfc1 1/2-1/2

[Event "Bayern-chI Bank Hofmann 14th"]
[Site "Bad Wiessee"]
[Date "2010.11.02"]
[Round "5"]
[White "Rauch, Uwe"]
[Black "Reefschlaeger, Helmut"]
[Result "1/2-1/2"]
[WhiteElo "2170"]
[BlackElo "2302"]
[PlyCount "85"]
[EventDate "2010.10.30"]
[EventType "swiss"]
[EventRounds "9"]
[EventCountry "GER"]
[SourceTitle "EXT 2011"]
[Source "ChessBase"]
[SourceDate "2010.11.26"]
[SourceVersion "1"]
[SourceVersionDate "2010.11.26"]
[SourceQuality "1"]

1. Nf3 Nf6 2. d4 d5 3. Bf4 Bf5 4. c4 c6 5. Qb3 Qb6 6. c5 Qxb3 7. axb3 Nbd7 8. h3 a6 9. e3 Bxb1 10. Rxb1 g6 11. b4 Bg7 12. Nd2 Ne4 13. Nb3 e5 14. Bh2 0-0 15. f3 Ng5 16. dxe5 Ne6 17. f4 Rae8 18. Be2 f6 19. exf6 Nxf6 20. 0-0 Nd8 21. Rf3 Re4 22. Nd4 Rfe8 23. Nc2 Nd7 24. Bd3 R4e7 25. Bg3 a5 26. Bh4 Rf7 27. Be1 axb4 28. Bxb4 Ne6 29. g4 Nexc5 30. Bf1 Ne4 31. h4 Ra8 32. Rh3 Ra2 33. Ba3 c5 34. Rh2 Nb6 35. Bd3 Na4 36. Ne1 b5 37. Bc2 Rxa3 38. bxa3 Nac3 39. Bxe4 dxe4 40. Rc1 Rd7 41. Rb2 c4 42. Kf1 Rd5 43. Rbc2 1/2-1/2

[Event "Schwarzach op 25th"]
[Site "Schwarzach"]
[Date "2010.08.28"]
[Round "8"]
[White "Reefschlaeger, Helmut"]
[Black "Biedekoepper, Robert"]
[Result "1/2-1/2"]
[WhiteElo "2302"]
[BlackElo "2112"]
[PlyCount "84"]
[EventDate "2010.08.21"]
[EventType "swiss"]
[EventRounds "9"]
[EventCountry "AUT"]
[SourceTitle "CBM 138 Extra"]
[Source "ChessBase"]
[SourceDate "2010.10.29"]
[SourceVersion "1"]
[SourceVersionDate "2010.10.29"]
[SourceQuality "1"]

1. d4 Nf6 2. g3 d5 3. c4 c6 4. Nf3 Bf5 5. Nc3 e6 6. Bg2 h6 7. 0-0 Bd6 8. Nd2 Nbd7 9. e4 dxe4 10. Ndxe4 Nxe4 11. Nxe4 Bxe4 12. Bxe4 Nf6 13. Bg2 0-0 14. Re1 Qa5 15. Bd2 Bb4 16. Re2 Bxd2 17. Qxd2 Qxd2 18. Rxd2 Rfd8 19. Rad1 Rd7 20. Kf1 Rad8 21. Ke2 Kf8 22. h3 Ke7 23. Ke3 g5 24. b3 a5 25. a3 Ke8 26. Rd3 Ke7 27. R1d2 Ke8 28. b4 axb4 29. axb4 Ra8 30. Rb2 Ra4 31. Rc3 Rc7 32. Kd3 Kd8 33. b5 cxb5 34. Rxb5 Kc8 35. Rb2 Ne8 36. c5 Nf6 37. Rcb3 Ra7 38. Bf3 Nd7 39. Bh5 Nf6 40. Bf3 Nd7 41. Re2 Ra4 42. Reb2 Ra7 1/2-1/2

[Event "Rhein Main op 13th"]
[Site "Bad Homburg"]
[Date "2010.06.03"]
[Round "3"]
[White "Reefschlaeger, Helmut"]
[Black "Warns, Heiko"]
[Result "1-0"]
[WhiteElo "2302"]
[BlackElo "2183"]
[PlyCount "89"]
[EventDate "2010.06.02"]
[EventType "swiss"]
[EventRounds "7"]
[EventCountry "GER"]
[SourceTitle "EXT 2011"]
[Source "ChessBase"]
[SourceDate "2010.11.26"]
[SourceVersion "1"]
[SourceVersionDate "2010.11.26"]
[SourceQuality "1"]

1. d4 Nf6 2. c4 e6 3. g3 Bb4+ 4. Bd2 Qe7 5. Bg2 Nc6 6. Nf3 Bxd2+ 7. Nbxd2 d6 8. e4 e5 9. d5 Nb8 10. 0-0 a5 11. Ne1 Nbd7 12. b3 h5 13. h3 h4 14. g4 Nf8 15. Nd3 Ng6 16. a3 Nf4 17. Nxf4 exf4 18. e5 dxe5 19. Re1 0-0 20. Qc2 Nh7 21. Nf3 f5 22. Nxe5 Qf6 23. f3 Ng5 24. Qf2 fxg4 25. hxg4 b6 26. Ra2 Re8 27. Rae2 Re7 28. Qd4 h3 29. Bh1 Bd7 30. Qd3 Be8 31. Qf5 Qxf5 32. gxf5 Bh5 33. Ng6 Rxe2 34. Rxe2 Kf7 35. Nxf4 Bxf3 36. Rf2 Bg4 37. d6 Rd8 38. dxc7 Rc8 39. Nd5 Nh7 40. Rf4 Bd1 41. Re4 Bxb3 42. Re7+ Kf8 43. Rd7 Ke8 44. Nxb6 Nf6 45. Bc6 1-0

[Event "BL2-Sued 0910"]
[Site "Germany"]
[Date "2010.01.24"]
[Round "5.7"]
[White "Spiegel, Stefan"]
[Black "Reefschlaeger, Helmut"]
[Result "1/2-1/2"]
[WhiteElo "2215"]
[BlackElo "2313"]
[PlyCount "38"]
[EventDate "2009.10.18"]
[EventType "team-tourn"]
[EventRounds "9"]
[EventCountry "GER"]
[SourceTitle "EXT 2011"]
[Source "ChessBase"]
[SourceDate "2010.11.26"]
[SourceVersion "1"]
[SourceVersionDate "2010.11.26"]
[SourceQuality "1"]
[WhiteTeam "Viernheim"]
[BlackTeam "Baden-Baden II"]
[WhiteTeamCountry "GER"]
[BlackTeamCountry "GER"]

1. e4 e6 2. d4 d5 3. Nd2 Be7 4. Ngf3 Nf6 5. Bd3 c5 6. dxc5 a5 7. 0-0 Na6 8. exd5 exd5 9. Re1 0-0 10. Nb3 a4 11. Nbd4 Nxc5 12. Nf5 Bxf5 13. Bxf5 Nce4 14. Be3 a3 15. Bd4 Bb4 16. Re3 g6 17. Bh3 axb2 18. Bxb2 Bc5 19. Bd4 b6 1/2-1/2

[Event "Bayern-chI Bank Hofmann 13th"]
[Site "Bad Wiessee"]
[Date "2009.11.04"]
[Round "6"]
[White "Reefschlaeger, Helmut"]
[Black "Demir, Bilal"]
[Result "1/2-1/2"]
[WhiteElo "2313"]
[BlackElo "2160"]
[PlyCount "92"]
[EventDate "2009.10.31"]
[EventType "swiss"]
[EventRounds "9"]
[EventCountry "GER"]
[SourceTitle "EXT 2010"]
[Source "ChessBase"]
[SourceDate "2010.11.25"]
[SourceVersion "1"]
[SourceVersionDate "2010.11.25"]
[SourceQuality "1"]

1. d4 f5 2. e4 fxe4 3. Nc3 Nf6 4. Bg5 Nc6 5. d5 Ne5 6. Qd4 Nf7 7. Bxf6 exf6 8. 0-0-0 f5 9. f3 Bd6 10. fxe4 Be5 11. Qb4 a5 12. Qa3 b5 13. Bxb5 Qg5+ 14. Kb1 Qxg2 15. Nge2 f4 16. Nc1 Qh3 17. Nd3 Bd6 18. Qa4 0-0 19. Rdf1 f3 20. Qd4 Qh5 21. Nd1 Ne5 22. Ne3 Nxd3 23. Qxd3 Rb8 24. a4 Bc5 25. Nf5 d6 26. Rxf3 Bxf5 27. exf5 Rf7 28. Qe4 Rbf8 29. Be8 Re7 30. Qxe7 Qxf3 31. Re1 Qxf5 32. Bd7 Qf2 33. Re2 Qf1+ 34. Re1 Qf2 35. Re2 Qf1+ 36. Re1 Qf2 37. Re4 Kh8 38. Bb5 Bb6 39. Bd3 Qf6 40. Qxf6 gxf6 41. Re7 f5 42. Be2 Kg8 43. Bh5 f4 44. Bf3 Rf7 45. Rxf7 Kxf7 46. c3 Bg1 1/2-1/2

[Event "BL2-Sued 0809"]
[Site "Germany"]
[Date "2009.01.18"]
[Round "5.7"]
[White "Roos, Jean Luc"]
[Black "Reefschlaeger, Helmut"]
[Result "1/2-1/2"]
[WhiteElo "2300"]
[BlackElo "2320"]
[PlyCount "28"]
[EventDate "2008.10.05"]
[EventType "team-tourn"]
[EventRounds "9"]
[EventCountry "GER"]
[SourceTitle "CBM 129 Extra"]
[Source "ChessBase"]
[SourceDate "2009.05.05"]
[SourceVersion "2"]
[SourceVersionDate "2009.05.20"]
[SourceQuality "1"]
[WhiteTeam "Heidelberg Handschuhsheim"]
[BlackTeam "Baden-Baden II"]
[WhiteTeamCountry "GER"]
[BlackTeamCountry "GER"]

1. d4 d5 2. c4 Nc6 3. e3 e5 4. dxe5 d4 5. a3 a5 6. Nf3 Bc5 7. exd4 Bxd4 8. Be2 Nge7 9. 0-0 0-0 10. Nxd4 Qxd4 11. Qxd4 Nxd4 12. Bd1 Be6 13. Nd2 a4 14. Re1 Rfd8 1/2-1/2